| 000 | 00671nam a22002057a 4500 | ||
|---|---|---|---|
| 999 |
_c10097 _d10097 |
||
| 003 | OSt | ||
| 005 | 20180417180505.0 | ||
| 008 | 180417b1971 bg ||||| |||| 00| 0 ben d | ||
| 035 | _a(BD-JhCC) | ||
| 040 |
_aBD-JhCC _dBD-JhCC |
||
| 041 | _aben | ||
| 082 |
_a891.4409 _bHAH 1971 |
||
| 100 | _aজামান, সেলিনা বাহার | ||
| 245 |
_aহাবীবুল্লাহ বাহার রচনাবলী / _c সেলিনা বাহার জামান |
||
| 260 |
_aঢাকা : _bবাংলা একাডেমী _c1971. |
||
| 300 |
_a583 p. : _c21 cm. |
||
| 650 | _aCollection of Works | ||
| 942 |
_2ddc _cBK |
||